000 00465nam a2200157Ia 4500
003 OSt
005 20230602112138.0
008 211028s2012 xx 000 0 und d
040 _cAIMIT LIBRARY
041 _aeng
100 _aDineshkumar, D Sirvi; Santhosh, B.
_98390
_e101934
110 _aSanthosh B
_98391
245 _aSystem and database maintenance portal: admin and report generation process development.
260 _aMangalore
_c2012
942 _2ddc
_cPRO
999 _c219864
_d219864